| 000 | 01366nam a2200313 i 4500 | ||
|---|---|---|---|
| 003 | EG-GICUC | ||
| 005 | 20260121101532.0 | ||
| 008 | 251222m14222002ua ||||fr|||| 00| 0 ara d | ||
| 040 |
_a EG-GICUC _bara _c EG-GICUC _d EG-GICUC _erda |
||
| 041 | 0 | _aara | |
| 082 | 0 | 4 |
_221 _a345.4551 _bر ف . و |
| 092 | 0 | 4 | _221 |
| 099 | _aLaw1 07 345.4551 ن ص . ن 2 ed - 2002 | ||
| 100 | 0 |
_aنصر الدين مصباح القاضى _eمؤلف. |
|
| 245 | 1 | 2 |
_aالنظرية العامة للتأديب فى الوظيفة العامة : _bدراسة موازنة فى القانون الليبى والمصرى والشريعة الاسلامية / _cنصر الدين مصباح القاضى. |
| 250 | _aالطبعة الثانية | ||
| 264 | 1 |
_aالقاهرة : _bدار الفكر العربى ، _c2002. |
|
| 300 |
_a912 ؛ صفحة _c24 سم. |
||
| 336 |
_2rda content _atext |
||
| 337 |
_2rda media _aComputer |
||
| 338 |
_2rda carrier _aOnline Resource |
||
| 504 | _aيحتوي على ارجاعات ببليوجرافية يحتوي على قائمة بالمراجع | ||
| 546 | _aالنص باللغة العربية | ||
| 650 | 1 | 4 |
_aتاديب العاملين بالقطاع العام _xالقانون الإداري _2qrmak |
| 651 | 1 | _2qrmak | |
| 856 | 4 | 0 | _uhttps://fll.law.cu.edu.eg/fulltext/bks/B07-01638.pdf |
| 905 | _a75 | ||
| 942 |
_2ddc _cBK _e21 _n0 |
||
| 999 |
_c52161 _d52161 |
||